| 000 | 00526nam a2200217Ia 4500 | ||
|---|---|---|---|
| 003 | OSt | ||
| 005 | 20140315083332.0 | ||
| 008 | 140130s9999 xx 000 0 und d | ||
| 020 | _a9780439159449 | ||
| 050 |
_aQA 557 _b.D65 1999 |
||
| 100 | _aDotlich,Rebecca Kai | ||
| 245 |
_cRebecca Kai Dotlich. _aWhat is round? / |
||
| 260 |
_bScholastic, _c1999. _aNew York : |
||
| 300 |
_a20 p. : _bcol. ill. ; _c20 cm. |
||
| 440 | _v1 | ||
| 521 | _aBR | ||
| 526 | _cBR | ||
| 942 |
_cBK _2lcc |
||
| 999 |
_c41569 _d41569 |
||